New York Jets Leading Rusher by Year - Statistics

General Stats
  • This quiz has been taken 31 times
  • The average score is 27 of 58
Answer Stats
Year Yards Answer % Correct
2005 735 Curtis Martin
90%
2004 1,697 Curtis Martin
90%
2003 1,308 Curtis Martin
90%
2002 1,094 Curtis Martin
90%
2001 1,513 Curtis Martin
90%
2000 1,204 Curtis Martin
90%
1999 1,464 Curtis Martin
90%
1998 1,287 Curtis Martin
90%
2024 876 Breece Hall
86%
2023 994 Breece Hall
86%
2022 463 Breece Hall
86%
2010 914 LaDanian Tomlinson
76%
2015 1,070 Chris Ivory
69%
2014 821 Chris Ivory
69%
2013 833 Chris Ivory
69%
2021 639 Michael Carter
66%
2017 772 Bilal Powell
52%
2020 653 Frank Gore
52%
1994 931 Johnny Johnson
52%
1993 821 Johnny Johnson
52%
2019 789 Le'Veon Bell
52%
2009 1,402 Thomas Jones
52%
2008 1,312 Thomas Jones
52%
2007 1,119 Thomas Jones
52%
2012 1,063 Shonn Greene
48%
2011 1,054 Shonn Greene
48%
2016 813 Matt Forte
45%
1988 944 Freeman McNeil
38%
1987 530 Freeman McNeil
38%
1986 865 Freeman McNeil
38%
1985 1,331 Freeman McNeil
38%
1984 1,070 Freeman McNeil
38%
1983 654 Freeman McNeil
38%
1982 786 Freeman McNeil
38%
1981 823 Freeman McNeil
38%
1975 1,005 John Riggins
38%
1974 680 John Riggins
38%
1972 944 John Riggins
38%
1971 769 John Riggins
38%
1973 831 Emerson Boozer
34%
1970 581 Emerson Boozer
34%
1967 442 Emerson Boozer
34%
2018 685 Isaiah Crowell
34%
1969 695 Matt Snell
31%
1968 747 Matt Snell
31%
1991 728 Blair Thomas
28%
1990 620 Blair Thomas
28%
2006 605 Leon Washington
24%
1997 1,086 Adrian Murrell
17%
1996 1,249 Adrian Murrell
17%
1995 795 Adrian Murrell
17%
1980 567 Scott Dierking
14%
1992 698 Brad Baxter
7%
1979 905 Clark Gaines
7%
1977 595 Clark Gaines
7%
1976 724 Clark Gaines
7%
1978 954 Kevin Long
3%
1989 702 Johnny Hector
0%
No matching quizzes found
Score Distribution
Percent of People with Each Score
Percentile by Number Answered
Your Score History
You have not taken this quiz